Износостойкость алмазного инструмента в процессе выглаживания; Машиностроение и приборостроение; Вып. 6

Detaylı Bibliyografya
Parent link:Машиностроение и приборостроение
Вып. 6.— 1974.— С. 173-174
Yazar: Чабан А. С.
Diğer Yazarlar: Хворостухин Л. А., Николаев В. А.
Dil:Rusça
Baskı/Yayın Bilgisi: 1974
Konular:
Materyal Türü: Kitap Bölümü
KOHA link:https://koha.lib.tpu.ru/cgi-bin/koha/opac-detail.pl?biblionumber=389980

MARC

LEADER 00000naa0a2200000 4500
001 389980
005 20250123105750.0
035 |a (RuTPU)RU\TPU\prd\22638 
090 |a 389980 
100 |a 20040213d1974 k||y0rusy50 ca 
101 0 |a rus 
102 |a RU 
200 1 |a Износостойкость алмазного инструмента в процессе выглаживания  |f А. С. Чабан, Л. А. Хворостухин, В. А. Николаев 
461 |t Машиностроение и приборостроение 
463 |t Вып. 6  |v С. 173-174  |d 1974 
610 1 |a износостойкость 
610 1 |a алмазные инструменты 
610 1 |a выглаживание 
700 1 |a Чабан  |b А. С. 
701 1 |a Хворостухин  |b Л. А. 
701 1 |a Николаев  |b В. А. 
801 1 |a RU  |b 63413507  |c 20040213  |g PSBO 
942 |c CR